00778nam a2200217 a 4500001001000000005001700010008004100027020001500068040001300083050002400096245003600120260006500156300004200221500003400263504003100297600004900328650005200377942001100429999001500440952010500455BRCA_154220190320203451.0010622s1999 mx-a---##b---f000-0#spa-# a9687279362 aDLCcDLC 4aND259.R5b.A78 199910aDiego RiverabArt & Revolution. aMéxicobCONACULTA : INBA : [Cleveland Museum of art]c1999 a421 p.bil. (algunas a color)c31 cm. aIncluye índice de láminas aBibliografía: p. 399-40114aRivera, Diegod1886-1957vExposiciones9489114aArtistas mexicanosvCatálogosxPintores94970 2lcccB c1387d1387 00104070aBRCAbBRCAd2008-06-26l0oND259.R5 .A78 1999p02100r2019-03-22 00:00:00w2019-03-22yB